|
|
|
|
| LEADER |
02371nam a2200601 4500 |
| 001 |
DLU050047855 |
| 005 |
##20041130162853.0 |
| 008 |
##910620d19912003dcuar0 s 0 a0eng d |
| 010 |
# |
# |
|a 91644001
|z sn 91000328
|
| 022 |
# |
# |
|a 1014-8906
|
| 035 |
# |
# |
|a (OCoLC)ocm23959250
|
| 037 |
# |
# |
|b World Bank, 1818 H Street N.W., Room T8075x, Washington, DC 20433
|
| 040 |
# |
# |
|a NSDP
|c NSDP
|d DLC
|d MH
|d WaU
|d MH
|d InU
|d MCM
|d NST
|d GU
|d NIC
|d DLC
|d DNAL
|d MiU
|d MCM
|d MH
|d MUQ
|d OCoLC
|d HkUST
|d MCM
|d OCoLC
|d DLC
|
| 042 |
# |
# |
|a lc
|a nsdp
|
| 043 |
# |
# |
|a d------
|
| 050 |
# |
# |
|a HC59.69
|b .G58
|
| 070 |
# |
# |
|a HC59.69.G58
|
| 072 |
# |
# |
|a X700
|
| 082 |
# |
# |
|a 330.9172/4
|2 20
|
| 210 |
# |
# |
|a Global econ. prospects dev. ctries.
|
| 222 |
# |
# |
|a Global economic prospects and the developing countries
|
| 245 |
# |
# |
|a Global economic prospects and the developing countries.
|
| 260 |
# |
# |
|a Washington, D.C. :
|b World Bank,
|c 1991-2003.
|
| 300 |
# |
# |
|a 13 v. :
|b ill. ;
|c 28 cm.
|
| 310 |
# |
# |
|a Annual
|
| 362 |
# |
# |
|a May 1991-2003.
|
| 500 |
# |
# |
|a Some issues also have a distinctive title.
|
| 530 |
# |
# |
|a Also available online via the World Wide Web, beginning <1995>; online version available in HTML and PDF format.
|
| 650 |
# |
# |
|a Economic forecasting
|v Periodicals.
|
| 650 |
# |
# |
|a Economic forecasting
|z Developing countries
|v Periodicals.
|
| 650 |
# |
# |
|a Economic history
|y 1971-1990
|v Periodicals.
|
| 650 |
# |
# |
|a Economic history
|y 1990-
|v Periodicals.
|
| 650 |
# |
# |
|a International economic relations
|v Periodicals.
|
| 650 |
# |
# |
|a Histoire conomique
|y 1971-1990
|v Priodiques.
|
| 650 |
# |
# |
|a Histoire conomique
|y 1990-
|v Priodiques.
|
| 650 |
# |
# |
|a Prvision conomique
|v Priodiques.
|
| 650 |
# |
# |
|a Prvision conomique
|z Pays en voie de dveloppement
|v Priodiques.
|
| 650 |
# |
# |
|a Relations conomiques internationales
|v Priodiques.
|
| 651 |
# |
# |
|a Developing countries
|x Economic conditions
|v Periodicals.
|
| 651 |
# |
# |
|a Pays en voie de dveloppement
|x Conditions conomiques
|v Priodiques.
|
| 710 |
# |
# |
|a World Bank.
|
| 785 |
# |
# |
|t Global economic prospects
|w (DLC) 2003242182
|w (OCoLC)53074988
|
| 850 |
# |
# |
|a CU-Riv
|a CoU
|a DLC
|a DNAL
|a GU
|a InU
|a MH-BA
|a MH-KG
|a MiU
|a NIC
|a NN
|a WaU
|
| 852 |
# |
# |
|x universal pattern
|
| 853 |
# |
# |
|8 1
|a (year)
|w a
|
| 863 |
# |
# |
|8 1
|a <1991>-
|x provisional
|
| 994 |
# |
# |
|a DLU
|
| 900 |
# |
# |
|a True
|
| 925 |
# |
# |
|a G
|
| 926 |
# |
# |
|a A
|
| 927 |
# |
# |
|a SH
|
| 980 |
# |
# |
|a Thư viện Trường Đại học Đà Lạt
|